Normal view
MARC view
Entry Corporate Name
001 - CONTROL NUMBER
- control field: 4643
003 - CONTROL NUMBER IDENTIFIER
- control field: ARRUPE
005 - DATE AND TIME OF LATEST TRANSACTION
- control field: 20131202175602.0
008 - FIXED-LENGTH DATA ELEMENTS
- fixed length control field: 131202|| aca||aabn | a|a d
040 ## - CATALOGING SOURCE
- Original cataloging agency: ARRUPE
- Transcribing agency: ARRUPE
110 ## - HEADING--CORPORATE NAME
- Corporate name or jurisdiction name as entry element: Catholic Church
- General subdivision: Doctrines.
670 ## - SOURCE DATA FOUND
- Source citation: Work cat.: (ARRUPE)0: Schall, James V. 4641, The Regensburg lecture /, 2007.